000 00663nam a22001697a 4500
999 _c63441
_d63441
005 20251009163223.0
008 251009s1979 ru ||||| |||| 00| 0 rus d
041 _arus
080 _a611(084.4) C-38
100 _aСинельников, Р.Д.
_926008
245 _aАтлас анатомии человека :
_bТом 2. Учение о внутренностях и сосудах /
_c Р.Д. Синельниковю
250 _aПятое издание
264 _aМосква :
_bМедицина,
_c1979.
300 _a472 стр.:
_bилл.;
_c26 см.
653 _aანატომიის ატლასი
942 _2udc
_cᲬᲘᲒᲜᲘ